<?xml version="1.0" encoding="UTF-8"?>
<collection xmlns="http://www.loc.gov/MARC21/slim">
  <record>
    <leader>00000nam  2200000   4500</leader>
    <controlfield tag="001">INLIS000000000015940</controlfield>
    <controlfield tag="005">20231003090733</controlfield>
    <datafield tag="035" ind1="#" ind2="#">
      <subfield code="a">0010-1023000022</subfield>
    </datafield>
    <datafield tag="245" ind1="1" ind2="#">
      <subfield code="a">Strategi Peningkatan Kapasitas Institusi Penerima Wajib Lapor Dalam Mendukung Program Rehabilitas Bagi Korban Penyalahgunaan/Pecandu Narkoba /</subfield>
      <subfield code="c">Achmad Iksan</subfield>
    </datafield>
    <datafield tag="100" ind1=" " ind2="#">
      <subfield code="a">Achmad Iksan</subfield>
    </datafield>
    <datafield tag="250" ind1="#" ind2="#">
      <subfield code="a">1</subfield>
    </datafield>
    <datafield tag="300" ind1="#" ind2="#">
      <subfield code="a">52 halaman :</subfield>
      <subfield code="b">ilus ;</subfield>
      <subfield code="c">30 cm</subfield>
    </datafield>
    <datafield tag="856" ind1="#" ind2="#">
      <subfield code="a">Perpustakaan LAN Pusat</subfield>
    </datafield>
    <datafield tag="260" ind1="#" ind2="#">
      <subfield code="a">Jakarta :</subfield>
      <subfield code="b">Pusbangkom Pimnas dan Manajerial ASN,</subfield>
      <subfield code="c">2022</subfield>
    </datafield>
    <datafield tag="084" ind1="#" ind2="#">
      <subfield code="a">R 133 PIM I 2022</subfield>
    </datafield>
    <datafield tag="650" ind1="#" ind2="4">
      <subfield code="a">Rehabilitasi</subfield>
    </datafield>
    <datafield tag="520" ind1="#" ind2="#">
      <subfield code="a">Dalam mendukung program rehabilitas yang dilaksanakan oleh IPWL maka dibutuhkan petugas medis yang memiliki kompetensi teknis sebagai petugas rehabilitasi. Inovasi yang diberikan pada proper adalah adanya standarisasi pelaporan dan integrasi data anatar IPWL Kementerian Kesehatan, mengingat IPWL Kementerian Kesehatan diantaranya dimiliki oleh Puskesmas, RSU, BNN, Polri RSJ/RSKO, Lapas/Rutan ; Pemetaan kapasitas institusi penerima wajib lapor dengan melakukan sertifikasi untuk menghasilkan tenaga kesehatan terlatih dan tersertifikasi dalam memberikan pelayanan rehabilitasi ; Hotline layanan rehabilitas IPWL untuk memudahkan masyarakat dalam mengakses informasi yang berkaitan dengan IPWL dan layanan rehabilitas yang dapat diberikan ; Pembuatan aplikasi E-Rehab untuk mencapai adanya integrasi satu data antar IPWL terkait rehabilitasi.</subfield>
    </datafield>
    <datafield tag="990" ind1="#" ind2="#">
      <subfield code="a">133</subfield>
    </datafield>
  </record>
</collection>
